Harry Potter: les Crins de Licorne - Statistiques

Statistiques générales
  • Ce quiz a été pris 20 fois
  • Le résultat moyen est 7 sur 12
Statistiques - réponses
Information Réponses % Correct
Baguette en contenant Baguette de Ron Weasley
89%
Utilisation Coeur de baguette
89%
Première apparition Harry Potter à l’école des sorciers
89%
Dernière apparition Harry Potter et les Reliques de la Mort
89%
Baguette en contenant Baguette de Drago Malefoy
72%
Utilisation Potions
61%
Baguette en contenant Baguette de Charlie Weasley
44%
Baguette en contenant Baguette de Neville Londubat
44%
Baguette en contenant Baguette de Cédric Diggory
39%
Baguette en contenant Baguette de Remus Lupin
33%
Baguette en contenant Baguette de Mary Cattermole
17%
Baguette en contenant Baguette de Quirinus Quirrell
17%
Aucun quiz correspondant
Distribution des résultats
% des personnes avec chaque résultat
Percentile par nombre de réponses
Votre historique - résultats
Vous n’avez pas pris ce quiz